Dzielnice Warszawy po Podpowiedzi - Statystyki

Ogólne statystyki
  • Ten quiz został rozwiązany 214 razy
  • Średni wynik to 9 z 18
Statystyki odpowiedzi
Hint Odpowiedź % Poprawnych
Mieszkaniowy lub fabryczny Targówek
78%
Najbardziej ,,radosna" dzielnica Wesoła
76%
Nazwa tej dzielnicy wzięła się od
nazwy fabryki
Ursus
69%
Podobno jest tam najwięcej agresywnych kibiców Praga-Północ
63%
Posiada w większości Las Kabacki Ursynów
62%
Jej nazwa wzięła się od wolnych elekcji Wola
52%
Jest tu drugi największy stadion
w Warszawie
Śródmieście
50%
Powstaje tam nowa trasa tramwajowa Wilanów
48%
To największa dzielnica warszawy Wawer
47%
Druga największa dzielnica Białołęka
46%
Posiada jedną z galerii Westfield w Warszawie Mokotów
41%
W przeciwieństwie do nazwy większość
Pola Mokotowskiego jest w tej dzielnicy
Ochota
38%
Jest trzecią najbardziej wysuniętą na wschód
dzielnicą Warszawy
Rembertów
37%
Jest tu zajezdnia Żoliborz Bielany
34%
Jest tu najwięcej ulic o nazwach
pochodzących od krajów i kontynentów
Praga-Południe
31%
Ma najbardziej znany parking P+R w
Warszawie
Włochy
30%
Najbardziej znanym obiektem jest
tu lotnisko
Bemowo
29%
Ma Centrum Olimpijskie Żoliborz
24%
Nie znaleziono quizów pasujących do podanych kryteriów
Rozkład punktacji
Procent ludzi z każdym wynikiem
Percentyl według liczby udzielonych odpowiedzi
Twoja historia wyników
Nie rozwiązałeś tego quizu